00324pab a2200121 454500008004000000100003000040245006400070260000900134300001300143362001100156650002000167773001500187180718b2010 xxu||||| |||| 00| 0 eng d aMcgillivary, Abigail Dawn aIndian economic reform as an example of disaster capitalism c2010 ap.13-19. a11 Sep aEconomic reform aMainstream